000 00414nam a2200181Ia 4500
008 230524s9999 xx 000 0 und d
020 _a8120307658
082 _a530
_bMOR
100 _aR.T.Morrison
245 0 _aOrganic Chemistry
250 _a6TH
260 _aNEW DELHI
_bPHI
_c2004
300 _aXXVI;1326
500 _aQuantity Number: 61
650 _aChemistry
700 _a R.N.Boyd
942 _cBK
999 _c19567
_d19567